| 000 | 00529cam a2200205 4500 | ||
|---|---|---|---|
| 999 |
_c92481 _d92481 |
||
| 005 | 20180430124202.0 | ||
| 008 | 1990 spa | ||
| 020 | _a9688530522 | ||
| 050 | 4 |
_aHM261 _bY67 1990 |
|
| 100 | 1 | _aYoung, K. | |
| 245 | 3 |
_aLa Opinión pública y la propaganda / _cK. Young. |
|
| 250 | _a1a ed. | ||
| 260 |
_aMéxico : _bPaidós, _c1990 |
||
| 300 |
_a236 p. ; _c19 cm. |
||
| 500 | _a1 ejem. | ||
| 500 | _aRec. Prop. Esc. | ||
| 504 | _aIncluye bibliografías | ||
| 505 | _aBFIL | ||
| 650 | 7 | _aOpinión pública | |
| 650 | 7 | _aPropaganda | |
| 942 |
_2lcc _cLIB |
||